000 00369nam a2200121Ia 4500
008 210430s9999 xx 000 0 und d
082 _a622.23 H968 B
100 _aWilliam Hustrulid
245 _aBlasting principles for open PIT mining Vol 1
_cWilliam Hustrulid
260 _aNetherlands
_bA.A Balkema,Rotterdam Brookfield
_c1999
300 _a382p.
942 _cBK
_2ddc
999 _c564299
_d564299